| 000 | 00549nam a2200145Ia 4500 | ||
|---|---|---|---|
| 008 | 250506s9999 xx 000 0 und d | ||
| 024 | _a16B-063-SE, 16B-053-SE, 16B-039-SE & 16B-043-SE | ||
| 082 | _a005.122072 AZE | ||
| 100 | _aAzeem Baloch, Neha Kumar, Syed Ali Rizvi & Syed Muhammad Mehrosh | ||
| 245 | 0 | _aAR-GO | |
| 260 |
_aKarachi: _bUIT, _c2016 |
||
| 600 | _aSoftware Engineering | ||
| 650 | _aBachelor of Computer Science (BS) | ||
| 856 |
_uhttps://drive.google.com/file/d/1TU8iY_u2oy5JKFdQdKhYiKTGHQ9_n2Ex/view?usp=sharing _yClick here for PDF |
||
| 999 |
_c28919 _d28919 |
||